000 00302nam a22001337a 4500
008 170406b xxu||||| |||| 00| 0 eng d
020 _a9780803603028
041 _aeng
080 _a575
100 _a9
101 _ashm
245 _aCLINICAL IMMUNOLOGY AND SEROLOGY
_cWIDMANN.F.K
942 _2udc
_cBK
999 _c9994
_d9994